Argenti Italiani (Record no. 7681)

MARC details
000 -CABECERA
campo de control de longitud fija 00667nam a2200229 a 4500
001 - NÚMERO DE CONTROL
campo de control BRCA_8012
005 - FECHA Y HORA DE LA ÚLTIMA TRANSACCIÓN
campo de control 20190320210109.0
008 - DATOS DE LONGITUD FIJA--INFORMACIÓN GENERAL
campo de control de longitud fija 190314s1965----it-a###f##---#001-0#ita-#
041 ## - CÓDIGO DE LENGUA
Código de lengua del texto/banda sonora o título independiente ita
044 ## - CÓDIGO DEL PAÍS DE LA ENTIDAD EDITORA/PRODUCTORA
Código MARC del país it
050 #4 - SIGNATURA TOPOGRÁFICA DE LA BIBLIOTECA DEL CONGRESO
Número de clasificación NK7152
Número de documento/Ítem .M33
-- 1965
100 1# - ENTRADA PRINCIPAL--NOMBRE DE PERSONA
Nombre de persona Mariacher, Giovanni
9 (RLIN) 13302
245 10 - MENCIÓN DE TÍTULO
Título Argenti Italiani
Mención de responsabilidad, etc. Giovanni Mariacher.
260 ## - PUBLICACIÓN, DISTRIBUCIÓN, ETC.
Lugar de publicación, distribución, etc. Milano
Nombre del editor, distribuidor, etc. Görlich
Fecha de publicación, distribución, etc. 1965
300 ## - DESCRIPCIÓN FÍSICA
Extensión 1 v. (paginación variada)
Otras características físicas il.
Dimensiones 34 cm.
500 ## - NOTA GENERAL
Nota general 3144
500 ## - NOTA GENERAL
Nota general En portada : caffettiera (alt. cm. 33) ; arte romana sec. XVIII, artefice Paolo Spagna
504 ## - NOTA DE BIBLIOGRAFÍA, ETC.
Nota de bibliografía, etc. Bibliografía p. 31
650 14 - PUNTO DE ACCESO ADICIONAL DE MATERIA--TÉRMINO DE MATERIA
Término de materia o nombre geográfico como elemento de entrada Plateria italiana
9 (RLIN) 19901
902 ## - CATALOGADOR
Iniciales GFM
942 ## - ELEMENTOS DE PUNTO DE ACCESO ADICIONAL (KOHA)
Fuente del sistema de clasificación o colocación Library of Congress Classification
Tipo de ítem Koha Libros
Holdings
Estado de retiro Estado de pérdida Estado dañado No para préstamo Localización permanente Ubicación/localización actual Fecha de adquisición Número de inventario Total de préstamos Signatura topográfica completa Código de barras Fecha visto por última vez Precio válido a partir de Tipo de ítem Koha
El ejemplar forma parte de la colección y puede ser consultado según las políticas vigentes.       Biblioteca del Museo Franz Mayer (Rogerio Casas-Alatriste) Biblioteca del Museo Franz Mayer (Rogerio Casas-Alatriste) 19/03/2014 3144   NK7152 .M33 1965 (3144) 8623 22/03/2019 22/03/2019 Libros